Statistics for Settlers of Catan buildings

Click here to take the quiz!

General Stats

  • This quiz has been taken 4 times
  • The average score is 3 of 5

Answer Stats

Building% Correct
Library
100%
Great hall
50%
Market
50%
Chapel
25%
University
25%

Score Distribution

Percentile by Number Answered

Percent of People with Each Score

Your Score History

You have not taken this quiz